Sports Quiz

Random Sports or Soccer Quiz

Premier league general knowledge Quiz Stats

 Plays Quiz not verified by Sporcle

Score 0/10 Timer 10:00
0 Plays Today
Question Answer % Correct
who is the premier league top scorer excluding penalty goals?Alan Shearer
95.9%
who is the only german to win the premier league with two different clubs?Robert Huth
93.4%
how many hat tricks did Cristiano Ronaldo score for Manchester United? (write answer as a word)One
92.6%
who scored the first goal for Leicester in the premier league under the previous 4 managers?Jamie Vardy
79.5%
who has the best goals to minutes ratio in the premier league who has scored a minimum of 10 premier league goals? (correct as of March 2018)Sergio Aguero
73.8%
How many different players from 1 club have scored 20+ goals in a season? (as a word)six
69.7%
who is the only Wolves player to score a hat-trick in the premier league era?Diogo Jota
66.4%
Who has the most premier league appearances from off of the bench?Peter Crouch
42.6%
Only two players have scored a premier league penalty with both feet. Name one of them.Obafemi Martins
14.8%
which team has spent the longest at the bottom of the league without being relegated?Leicester
12.3%

You're not logged in!

Compare scores with friends on all Sporcle quizzes.
OR
Log In

Sporcle TV

Today on Sporcle TV


Watch our educational content, quiz creation guides, and fun videos on Sporcle TV.

Show Comments

Extras

Top Quizzes Today


Score Distribution

Your Account Isn't Verified!

In order to create a playlist on Sporcle, you need to verify the email address you used during registration. Go to your Sporcle Settings to finish the process.

Report this User

Report this user for behavior that violates our Community Guidelines.

Details: